One Piece Character by Picture - Statistics

General Stats
  • This quiz has been taken 333 times
  • The average score is 86 of 117
Answer Stats
Picture Answer % Correct
Monkey D. Luffy
100%
Brook
99%
Nami
99%
Nico Robin
99%
Roronoa Zoro
99%
Tony Tony Chopper
99%
Vinsmoke Sanji
99%
Franky
98%
Usopp
98%
Portugas D. Ace
95%
Charlotte Linlin
94%
Edward Newgate
94%
Figarland Shanks
94%
Gol D. Roger
94%
Kaido
94%
Marshall D. Teach
94%
Monkey D. Dragon
94%
Sabo
94%
Monkey D. Garp
93%
Crocodile
92%
Donquxiote Doflamingo
91%
Trafalgar D. Water Law
91%
Bartholomew Kuma
90%
Boa Hancock
90%
Buggy
90%
Dracule Mihawk
90%
Smoker
90%
Eustass Kid
88%
Koby
88%
Marco
88%
Nefetarie D. Vivi
88%
Silvers Rayleigh
88%
Gecko Moria
87%
Kuzan
87%
Yamato
87%
Bon Clay
85%
Charlotte Katakuri
84%
Enel
84%
Kozuki Oden
84%
Borsalino
83%
Jinbei
83%
King
83%
Queen
83%
Fujitora
82%
Killer
82%
Sakazuki
82%
Benn Beckman
81%
Imu
81%
Rob Lucci
81%
Carrot
80%
Bartolomeo
79%
Bonney
79%
Perona
79%
Bepo
78%
Zeff
78%
Sengoku
77%
Arlong
75%
Emporio Ivankov
74%
Shirahoshi
74%
Caesar Clown
73%
Kin'emon
73%
Koala
72%
Pedro
72%
Vegapunk
72%
Shimotuski Ryuma
71%
Vinsmoke Reiju
71%
Yasopp
71%
Charlotte Pudding
70%
Rebecca
70%
Cavendish
69%
Rocks D. Xebec
69%
Scopper Gaban
69%
Tashigi
69%
Alvida
68%
Magellan
67%
Basil Hawkins
65%
Capone Bege
65%
Donquxiote Rosinante
65%
Kozuki Momonosuke
65%
Kuina
65%
Fisher Tiger
64%
Uta
64%
Helmeppo
63%
Monet
63%
Neptune
63%
Curly Dadan
62%
Vinsmoke Judge
62%
Bellemere
61%
Lucky Roux
61%
Viola
61%
Baby 5
60%
Jaguar D. Saul
60%
Portugas D. Rouge
60%
Kurozomi Tama
59%
Makino
59%
Charlotte Lola
58%
Caribou
57%
Kureha
57%
Leo
57%
Black Maria
56%
Kaya
56%
Nojiko
56%
Sugar
56%
Nico Olvia
55%
Hiriluk
52%
Nekomamushi
49%
Kozuki Toki
46%
Kozuki Hiyori
42%
Ryogoku
42%
Vinsmoke Sora
41%
Kawamatsu
40%
Kikunojo
37%
Hyogoro
34%
Carue
33%
Shinobu
33%
Shakuyaku
30%
Marguerite
25%
No matching quizzes found
Score Distribution
Percent of People with Each Score
Percentile by Number Answered
Your Score History
You have not taken this quiz